1859 1388 1571 1324 1178 1854 1562 1706 1670 1757 1920 1556 1047 1445 1179 1371 1126 1858 1908 1214 1381 1561 1553 1082 1204 1006 1498 1980 1268 1899 1278 1485 1028 1102 1525 1021 1385 1851 1849 1162 1772 1178 1730 1816 1583 1446 1984 1267 1274 1948 1686 1707 1551 1010 1490 1454 1341 1533 1791 1069 1061 1235 1446 1056 1872 1521 1973 1629 1785 1924 1813 1538 1009 1224 1419 1173 1809 1526 1911 1976 1587 1340 1725 1083 1609 1785 1384 1576 1394 1193 1094 1294 1776 1158 1403 1468 1631 1551 1777 BCNSPRNW ULIB Ver.6.0+V

เปลี่ยนเป็นภาษาไทย

Change to English
 แสดงรายละเอียดบรรณานุกรม
  กลับหน้าหลัก

Brief Record : Get Marc (ISO 2709) : E-mail record : QR code < ปิดหน้าต่าง
LEADER : 00000nam 2200000uu 4500
001    13399120389
003     ULIB
008    020711s|||| th a 000 0 tha d
020    974925080X
020    9789749250808
050    WK810^bพ541ส
100    วีณา จิรัจฉริยากูล
245    สมุนไพรพิชิตโรคเบาหวาน/^cวีณา จิรัจฉริยากูล
260    กรุงเทพฯ :^bอิมเมจิมีเดีย,^cม.ป.ป.
300    153 หน้า
650    เบาหวาน^xสมุนไพร
945    ^p120^l0^i018976
999    ^aวรรณษา ชูชัยมงคล
รายการนี้ยังไม่มีแท็ก
คุณยังไม่ได้ล็อกอิน คุณสามารถมีกิจกรรมร่วมกับเว็บไซต์ได้ แต่ต้องล็อกอินก่อน ::
  ล็อกอิน

รายการสื่อสารสนเทศ

ลำดับที่ ประเภท เลขเรียก/บาร์โค้ด สถานที่ สถานะ
1. วิทยาศาสตร์การแพทย์ และสุขภาพ
วิทยาศาสตร์การแพทย์ และสุขภาพ
WK810 พ541ส  
  Barcode: 018976
ห้องสมุดวิทยาเขตสวรรค์ประชารักษ์
►หนังสือทั่วไป
บนชั้น

รายการใกล้เคียง
    ผู้แต่ง [วีณา จิรัจฉริยากูล]

BibComment


ยังไม่เคยถูกคอมเมนท์

คอมเมนท์ทรัพยากรรายการนี้
  คอมเมนท์: สมุนไพรพิชิตโรคเบ..


 Copyright 2026. Bcnsprnw @Library